| 000 | 01128nam a2200265 i 4500 | ||
|---|---|---|---|
| 001 | 39538 | ||
| 003 | ES-MaACL | ||
| 005 | 20250818071043.0 | ||
| 007 | t| | ||
| 008 | 030303s1865 sp ||||1| spa d | ||
| 040 | _cES-MaACL | ||
| 100 | 1 |
_aCanalejas, Francisco de Paula, _d1834-1883 _934381 _eaut |
|
| 245 | 1 | 3 |
_aLa reacción o las revoluciones : _bdiscurso pronunciado en la Sección de Ciencias Morales y Políticas del Ateneo de Madrid en las sesiones de 1864 / _cpor Francisco de Paula Canalejas. |
| 260 |
_aMadrid : _b[s.n.], _c1865 _f(Imp. a cargo de B. Carranza) |
||
| 300 |
_a36 páginas ; _c16 cm. |
||
| 530 | _aDisponible en formato digital | ||
| 610 | 2 | 4 |
_aAteneo de Madrid- _vConferencias- _yS.XIX. _91910 |
| 650 | 0 | 4 |
_aRevoluciones- _zEspaña- _yS.XIX _916900 |
| 710 | 2 |
_aAteneo de Madrid. _bSección de Ciencias Morales y Políticas _91985 |
|
| 852 |
_aES-MaACL _cDEPOF _jT-212-F-10 |
||
| 856 |
_uhttps://bdh-rd.bne.es/viewer.vm?id=0000297020&page=1 _yVersión en línea _z(Biblioteca Digital Hispánica) |
||
| 942 |
_cFOLLETOS _n0 |
||
| 999 |
_c39538 _d39538 |
||